000 00560nam a2200217Ia 4500
003 OSt
005 20220928140600.0
006 a|||||r|||| 00| 0
007 ta
008 220927b |||||||| |||| 00| 0 eng d
024 _a9609
037 _cTextual
040 _aSDCL
_cSDCL
_beng
041 _2eng
_aeng
082 _aO-,3L75:g, L3
100 _aMansell Darrel
_9496044
245 0 _aNovels of Jane Austen
_b An interpretation.
260 _c1973
942 _hO-,3L75:g, L3
_cTEXL
_2CC
999 _c812303
_d812303